000 00913nam a22002297a 4500
999 _c5442
_d5442
003 AR-CdUCM
008 190312b ||||| |||| 00| 0 spa d
040 _aMUNICIPALIDAD PROVINCIAL DEL CUSCO
_cBIBLIOTECA MUNICIPAL DEL CUSCO
082 _a305.4 /
_bT17
110 _aCentro de Investigación para la Acción Femenina
_916376
245 _aYo tambien soy America :
_bHistoria y mujeres de America Hispana /
260 _aSanto Domingo :
_bTalleres Graficos,
_c1980.
300 _a108 paginas ;
_bIlustraciones, Fotos,
_c27cm.
440 _aEdiciones Populares Feministas
_n1
_916377
505 _aContenido: La mujer en la America Latina -- Nacion Unida -- La mujer en la conquista -- Iguales en la esclavitud -- Independencia en hispanoamerica...
650 _aMujer
_9143
650 _aHispanoamerica
_9886
650 _aDerechos
_96548
650 _aFeminismo
_94003
942 _2ddc
_cLIBROS
945 _apjha